000 00432nam a2200169Ia 4500
003 GCL
008 140319s9999 xx 000 0 ara d
040 _aGCL /
_cGCL
082 0 4 _a955
_bن ت
100 1 _aنصرالله كسرائيان
245 1 0 _aتركمنهان ايران /
_cنصرالله كسرائيان
700 1 _aزيبا عرشى
300 _a182 ص
490 _a
650 0 4 _aايران
942 _2ddc
_cBK
999 _c44689
_d44689